00458nam a2200145 a 4500008004100000110004600041245005600087250001200143260006500155300003500220650003000255003000100285005001700286040000900303 1 aZimbabwe Institute of Quantity Surveyors.10aSystem of Measurement of Building work in Zimbabwe. a3rd ed. aHarare, :bZimbabwe Institute of Quantity Surveyors, c1985. aiii, 112 p. :bill. ;c20 cm.  1aBuildingsx measurements.20230123134332.0 cNUST